| 000 | 00369nam a2200145Ia 4500 | ||
|---|---|---|---|
| 008 | 230917s9999||||xx |||||||||||||| ||und|| | ||
| 040 |
_e80750 _aMAIN |
||
| 041 | _aEnglish | ||
| 082 | _a342.7 B151B | ||
| 100 | _aBlackstone | ||
| 245 | 0 | _aBlackstone's international human rights documents | |
| 260 |
_aDelhi _bUniversal _c1999 |
||
| 300 | _avii, 354 p. | ||
| 942 | _cBK | ||
| 999 |
_c103981 _d103981 |
||